[Event "Moia op 6th"]
[Site "Moia"]
[Date "2017.09.22"]
[Round "1"]
[White "Clavel Oliveras, Guillem"]
[Black "Bermejo Piquel, Antonio"]
[Result "1-0"]
[WhiteElo "1704"]
[BlackElo "1463"]
[PlyCount "63"]
[EventDate "2017.09.22"]
[EventType "swiss"]
[EventRounds "8"]
[EventCountry "ESP"]
[SourceTitle "CBM 189 Extra"]
[Source "ChessBase"]
[SourceDate "2019.06.03"]
[SourceVersion "1"]
[SourceVersionDate "2019.06.03"]
[SourceQuality "1"]

1. e4 e6 2. d4 d5 3. Bd3 dxe4 4. Bxe4 Nf6 5. Bf3 Be7 6. c4 0-0 7. Ne2 c6 8. 0-0 b6 9. Bf4 Bb7 10. Qa4 Qc8 11. Nbc3 Rd8 12. Rac1 Nbd7 13. b4 a6 14. d5 b5 15. cxb5 axb5 16. Qb3 e5 17. Bg3 Ra6 18. Ne4 Qa8 19. dxc6 Bxc6 20. Nxf6+ Bxf6 21. Bxc6 Rxc6 22. Rxc6 Qxc6 23. Rc1 Qe4 24. Nc3 Rc8 25. Rd1 Qc6 26. Nd5 Bg5 27. h4 Bd8 28. Re1 Qc4 29. Qxc4 bxc4 30. Bxe5 Bxh4 31. Bc3 f6 32. Ne7+ 1-0

[Event "Vall del Tenes op 5th"]
[Site "Vall del Tenes"]
[Date "2016.04.08"]
[Round "1"]
[White "Romano Cases, Jordi"]
[Black "Bermejo Piquel, Antonio"]
[Result "0-1"]
[WhiteElo "1649"]
[BlackElo "1462"]
[PlyCount "82"]
[EventDate "2016.04.08"]
[EventType "swiss"]
[EventRounds "8"]
[EventCountry "ESP"]
[SourceTitle "CBM 172 Extra"]
[Source "ChessBase"]
[SourceDate "2016.06.21"]
[SourceVersion "1"]
[SourceVersionDate "2016.06.21"]
[SourceQuality "1"]

1. e4 e6 2. d4 d5 3. e5 c5 4. c3 Qb6 5. Bd3 Nc6 6. Nf3 Bd7 7. Bc2 Nh6 8. b3 cxd4 9. Nxd4 Nxe5 10. 0-0 Rc8 11. Bf4 Bd6 12. Re1 Qc7 13. Bxh6 gxh6 14. Qh5 Ng6 15. Qxh6 Bf8 16. Qh5 Bg7 17. Bxg6 hxg6 18. Qf3 Qxh2+ 19. Kf1 Qh1+ 20. Ke2 Qh5 21. Qxh5 Rxh5 22. Kd2 Kf8 23. Na3 e5 24. Ne2 e4 25. Rac1 Bh6+ 26. Kc2 Bxc1 27. Rxc1 Rf5 28. Rh1 Kg7 29. Rf1 Rf6 30. Nd4 e3 31. f3 Re8 32. Re1 Ra6 33. Kb2 f5 34. f4 Rb6 35. Nac2 e2 36. Rxe2 Re4 37. Rxe4 dxe4 38. Ne3 a5 39. Nc4 Ra6 40. Ne5 Be8 41. Ne6+ Rxe6 0-1

[Event "Roncana op-B 9th"]
[Site "Santa Eulalia de Roncana"]
[Date "2015.11.14"]
[Round "6"]
[White "Bermejo Piquel, Antonio"]
[Black "Garcia Gil, Oriol"]
[Result "1-0"]
[WhiteElo "1839"]
[BlackElo "1802"]
[PlyCount "63"]
[EventDate "2015.10.03"]
[EventType "swiss"]
[EventRounds "8"]
[EventCountry "ESP"]
[SourceTitle "EXT 2017"]
[Source "ChessBase"]
[SourceDate "2016.10.25"]
[SourceVersion "1"]
[SourceVersionDate "2016.10.25"]
[SourceQuality "1"]

1. d4 Nf6 2. e3 g6 3. Nf3 Bg7 4. b3 0-0 5. Bb2 e6 6. Be2 Ne4 7. Nbd2 Nxd2 8. Qxd2 c5 9. 0-0 Nc6 10. c4 Qf6 11. Rab1 cxd4 12. exd4 d5 13. Rfe1 dxc4 14. Bxc4 Qf5 15. Bd3 Qa5 16. Bc3 Qc7 17. Rbc1 Rd8 18. Be4 Ne5 19. Qb2 Nxf3+ 20. Bxf3 Bh6 21. Bd2 Qb6 22. Bxh6 Rxd4 23. Rcd1 e5 24. Rxd4 Be6 25. Rxe5 f6 26. Ree4 g5 27. Rb4 Qc7 28. Rxe6 Rc8 29. Rc4 Qd7 30. Rxf6 Re8 31. Re4 Rd8 32. Rd6 1-0

[Event "Roncana op-B 9th"]
[Site "Santa Eulalia de Roncana"]
[Date "2015.11.07"]
[Round "5"]
[White "Jimenez Calafell, Marc"]
[Black "Bermejo Piquel, Antonio"]
[Result "1-0"]
[WhiteElo "1776"]
[BlackElo "1839"]
[PlyCount "85"]
[EventDate "2015.10.03"]
[EventType "swiss"]
[EventRounds "8"]
[EventCountry "ESP"]
[SourceTitle "EXT 2017"]
[Source "ChessBase"]
[SourceDate "2016.10.25"]
[SourceVersion "1"]
[SourceVersionDate "2016.10.25"]
[SourceQuality "1"]

1. d4 e6 2. g3 f5 3. Bg2 d5 4. Nf3 Nf6 5. c4 c6 6. c5 Be7 7. Bg5 Nbd7 8. Nbd2 0-0 9. 0-0 Qc7 10. Bf4 Qd8 11. Qa4 Nh5 12. Be5 g5 13. Bd6 Bxd6 14. cxd6 Nb6 15. Qa3 Bd7 16. Rac1 Be8 17. h3 Nc8 18. g4 Nf4 19. Rfe1 Nxg2 20. Kxg2 fxg4 21. hxg4 Rf4 22. Kg3 Nxd6 23. e3 Rf8 24. Rh1 Bg6 25. Rh2 Qc7 26. Kg2 Ne4 27. Rh3 Qf7 28. Rf1 Nxd2 29. Nxd2 Qd7 30. Kg3 b5 31. Nf3 Be4 32. Nxg5 Qc7+ 33. f4 Rf6 34. Nxe4 dxe4 35. Rfh1 Rf7 36. Qc5 Rg7 37. b4 Rd8 38. Qe5 Qe7 39. a3 Rd5 40. Qxe4 Qc7 41. Qxe6+ Kh8 42. Qf6 Rd8 43. Rxh7+ 1-0

[Event "Vall del Tenes op 4th"]
[Site "Santa Eulalia de Roncana"]
[Date "2015.05.15"]
[Round "5"]
[White "Bermejo Piquel, Antonio"]
[Black "Genis Traveria, Ferran"]
[Result "1-0"]
[WhiteElo "1832"]
[BlackElo "1689"]
[PlyCount "61"]
[EventDate "2015.04.10"]
[EventType "swiss"]
[EventRounds "8"]
[EventCountry "ESP"]
[SourceTitle "CBM 166 Extra"]
[Source "ChessBase"]
[SourceDate "2015.06.18"]
[SourceVersion "1"]
[SourceVersionDate "2015.06.18"]
[SourceQuality "1"]

1. d4 Nf6 2. e3 g6 3. Nf3 d6 4. Be2 Bg4 5. c3 Bg7 6. Nbd2 Nbd7 7. 0-0 0-0 8. b3 Re8 9. c4 c5 10. Bb2 Nh5 11. h3 Bxf3 12. Bxf3 Nhf6 13. Bxb7 Rb8 14. Bc6 e5 15. dxc5 dxc5 16. Qc2 Re6 17. Bf3 Qc7 18. Rad1 Rbe8 19. g4 h5 20. gxh5 gxh5 21. Kh1 Nf8 22. Rg1 N6h7 23. Bxh5 Rh6 24. Qf5 Qc6+ 25. Ne4 Qe6 26. Qf3 Re7 27. Rd6 Rf6 28. Nxf6+ Nxf6 29. Rxe6 Rxe6 30. Bg4 e4 31. Qg3 1-0

[Event "Vall del Tenes op 4th"]
[Site "Santa Eulalia de Roncana"]
[Date "2015.04.10"]
[Round "1"]
[White "Costa Trave, Jaume"]
[Black "Bermejo Piquel, Antonio"]
[Result "1-0"]
[WhiteElo "2145"]
[BlackElo "1832"]
[PlyCount "58"]
[EventDate "2015.04.10"]
[EventType "swiss"]
[EventRounds "8"]
[EventCountry "ESP"]
[SourceTitle "CBM 166 Extra"]
[Source "ChessBase"]
[SourceDate "2015.06.18"]
[SourceVersion "1"]
[SourceVersionDate "2015.06.18"]
[SourceQuality "1"]

1. d4 e6 2. Nc3 d5 3. Bf4 Bd7 4. e3 c5 5. Nf3 Qb6 6. Rb1 Nf6 7. Bd3 Be7 8. 0-0 a6 9. Ne5 Nc6 10. dxc5 Bxc5 11. a3 d4 12. Na4 Qa7 13. b4 Be7 14. Nxd7 Nxd7 15. c4 e5 16. Bg3 dxe3 17. c5 Nf6 18. fxe3 Rd8 19. Qc2 Qb8 20. Nb6 g6 21. Bh4 Nd5 22. Bxe7 Ncxe7 23. Qa4+ Nc6 24. Nxd5 Rxd5 25. Be4 Qd8 26. Bxd5 Qxd5 27. Rbd1 Qe4 28. Qb3 0-0 29. Rd7 Nd8 1-0

[Event "Roncana op-B 8th"]
[Site "Santa Eulalia de Roncana"]
[Date "2014.11.15"]
[Round "5"]
[White "Lopez Torralba, Oscar"]
[Black "Bermejo Piquel, Antonio"]
[Result "1-0"]
[WhiteElo "1700"]
[BlackElo "1787"]
[PlyCount "61"]
[EventDate "2014.10.11"]
[EventType "swiss"]
[EventRounds "8"]
[EventCountry "ESP"]
[SourceTitle "EXT 2016"]
[Source "ChessBase"]
[SourceDate "2015.10.08"]
[SourceVersion "1"]
[SourceVersionDate "2015.10.08"]
[SourceQuality "1"]

1. e4 e6 2. d4 d5 3. e5 c5 4. Nf3 Qb6 5. c3 Nc6 6. Bd3 Bd7 7. Ng5 h6 8. Qh5 g6 9. Bxg6 fxg6 10. Qxg6+ Kd8 11. Nf7+ Kc7 12. Nxh8 Nge7 13. Qh7 cxd4 14. Nf7 Nf5 15. 0-0 Bg7 16. Re1 Rf8 17. Nd6 Nxe5 18. Nxf5 Rxf5 19. Qxg7 Nd3 20. Qg3+ e5 21. Qxd3 dxc3 22. Qxc3+ Kd6 23. Rf1 Bb5 24. Qa3+ Ke6 25. Qe3 d4 26. Qxh6+ Rf6 27. Qh3+ Kd5 28. Rd1 Be2 29. Re1 d3 30. Nc3+ Kd6 31. Ne4+ 1-0

[Event "Roncana op-B 8th"]
[Site "Santa Eulalia de Roncana"]
[Date "2014.11.01"]
[Round "3"]
[White "Herrera Galera, Gerard"]
[Black "Bermejo Piquel, Antonio"]
[Result "1-0"]
[WhiteElo "1875"]
[BlackElo "1787"]
[PlyCount "71"]
[EventDate "2014.10.11"]
[EventType "swiss"]
[EventRounds "8"]
[EventCountry "ESP"]
[SourceTitle "EXT 2016"]
[Source "ChessBase"]
[SourceDate "2015.10.08"]
[SourceVersion "1"]
[SourceVersionDate "2015.10.08"]
[SourceQuality "1"]

1. e4 e6 2. d4 d5 3. exd5 exd5 4. Nf3 Nf6 5. Bg5 Nbd7 6. Nc3 Be7 7. Qd2 0-0 8. Bd3 Re8 9. 0-0-0 c5 10. dxc5 Nxc5 11. Bb5 Nfe4 12. Nxe4 Nxe4 13. Qxd5 Nxg5 14. Bxe8 Qxe8 15. Nxg5 Bxg5+ 16. Qxg5 Be6 17. Kb1 h6 18. Qh4 Kh7 19. Qe4+ g6 20. Qxb7 Rd8 21. Rxd8 Qxd8 22. Qxa7 Qd2 23. Qe3 Qa5 24. b3 Bf5 25. Kb2 Qc7 26. Qc3 Qe7 27. Re1 Qd7 28. a4 Be6 29. f3 Qa7 30. Qe3 Qc7 31. h3 Bf5 32. Re2 Be6 33. g4 Qb7 34. h4 Qe7 35. h5 Qf6+ 36. Qe5 1-0

[Event "Moia op 3rd"]
[Site "Moia"]
[Date "2014.10.10"]
[Round "4"]
[White "Bermejo Piquel, Antonio"]
[Black "Vicente Soriano, Josep"]
[Result "1/2-1/2"]
[WhiteElo "1766"]
[BlackElo "1962"]
[PlyCount "43"]
[EventDate "2014.09.19"]
[EventType "swiss"]
[EventRounds "8"]
[EventCountry "ESP"]
[SourceTitle "EXT 2016"]
[Source "ChessBase"]
[SourceDate "2015.10.08"]
[SourceVersion "1"]
[SourceVersionDate "2015.10.08"]
[SourceQuality "1"]

1. d4 Nf6 2. e3 g6 3. Nf3 Bg7 4. b3 0-0 5. Bb2 d6 6. Be2 c5 7. c4 cxd4 8. Nxd4 Nc6 9. 0-0 Bd7 10. Nc3 a6 11. Bf3 Qc7 12. Rc1 Ne5 13. Be2 Rac8 14. Qd2 Nc6 15. Bf3 Rfe8 16. Nd5 Qd8 17. Rfe1 e5 18. Nxf6+ Bxf6 19. Nxc6 Bxc6 20. Bd5 e4 21. Bxf6 Qxf6 22. Bxc6 1/2-1/2

[Event "Vall del Tenes op 3rd"]
[Site "Santa Eulalia de Roncana"]
[Date "2014.04.25"]
[Round "1"]
[White "Bermejo Piquel, Antonio"]
[Black "Parra Bola, Jose Maria"]
[Result "0-1"]
[WhiteElo "1756"]
[BlackElo "1989"]
[PlyCount "35"]
[EventDate "2014.04.25"]
[EventType "swiss"]
[EventRounds "8"]
[EventCountry "ESP"]
[SourceTitle "CBM 160 Extra"]
[Source "ChessBase"]
[SourceDate "2014.07.01"]
[SourceVersion "1"]
[SourceVersionDate "2014.07.01"]
[SourceQuality "1"]

1. d4 d5 2. e3 f5 3. Bd3 Nf6 4. f4 e6 5. Nf3 Bd6 6. Ne5 0-0 7. Nd2 Ne4 8. Ndf3 Rf6 9. 0-0 Bd7 10. Bd2 Be8 11. Be1 Rh6 12. c4 c6 13. Qb3 Qc8 14. Rc1 Nd7 15. Nxd7 Qxd7 16. Ne5 Bxe5 17. Bxe4 Bxd4 18. Bf3 0-1

[Event "Roncana op-B 7th"]
[Site "Santa Eulalia de Roncana"]
[Date "2013.11.16"]
[Round "6"]
[White "Sola Montoya, Josep"]
[Black "Bermejo Piquel, Antonio"]
[Result "0-1"]
[WhiteElo "1625"]
[BlackElo "1454"]
[PlyCount "112"]
[EventDate "2013.10.05"]
[EventType "swiss"]
[EventRounds "8"]
[EventCountry "ESP"]
[SourceTitle "EXT 2015"]
[Source "ChessBase"]
[SourceDate "2014.11.20"]
[SourceVersion "1"]
[SourceVersionDate "2014.11.20"]
[SourceQuality "1"]

1. d4 e6 2. c4 f5 3. g3 Nf6 4. Bg2 c6 5. Nf3 d5 6. 0-0 Bd6 7. b3 0-0 8. Bb2 Qe7 9. Nbd2 Nbd7 10. Ne5 Ne4 11. Ndf3 Ndf6 12. Nd3 Bd7 13. Nfe5 Be8 14. Qc1 Nd7 15. f3 Nef6 16. Nxd7 Nxd7 17. e4 fxe4 18. fxe4 Bg6 19. Nf2 Rf7 20. e5 Bb4 21. cxd5 exd5 22. a3 Ba5 23. b4 Bb6 24. Qe3 Nf8 25. Nd3 Bxd3 26. Qxd3 Rxf1+ 27. Rxf1 Qxe5 28. Qf3 Qe7 29. Bc3 Nd7 30. Kh1 Rf8 31. Qg4 Rxf1+ 32. Bxf1 Qe4+ 33. Qxe4 dxe4 34. Kg2 Nf6 35. Kf2 Ng4+ 36. Kg2 Kf8 37. Be2 Ne3+ 38. Kf2 Nf5 39. g4 Nxd4 40. Bxd4 Bxd4+ 41. Ke1 e3 42. Bd3 h6 43. Bf5 Ke7 44. Ke2 Kd6 45. Kd3 Ke5 46. Ke2 Kf4 47. Be6 Bb2 48. a4 Ba3 49. b5 cxb5 50. axb5 a5 51. bxa6 bxa6 52. Bd7 a5 53. Bc6 Bc5 54. Bf3 a4 55. Bd5 Kxg4 56. Ba2 Kh3 0-1

[Event "Moia op 2nd"]
[Site "Moia"]
[Date "2013.10.18"]
[Round "5"]
[White "Bermejo Piquel, Antonio"]
[Black "Clavel Moliner, Francesc"]
[Result "1/2-1/2"]
[WhiteElo "1454"]
[BlackElo "1832"]
[PlyCount "87"]
[EventDate "2013.09.20"]
[EventType "swiss"]
[EventRounds "8"]
[EventCountry "ESP"]
[SourceTitle "EXT 2015"]
[Source "ChessBase"]
[SourceDate "2014.11.20"]
[SourceVersion "1"]
[SourceVersionDate "2014.11.20"]
[SourceQuality "1"]

1. d4 e5 2. e3 exd4 3. exd4 d5 4. Bd3 Nf6 5. f4 Bg4 6. Nf3 Nc6 7. c3 Bd6 8. 0-0 0-0 9. Be3 Re8 10. Qc1 Bxf3 11. Rxf3 Ng4 12. Bd2 Na5 13. b3 c5 14. Na3 cxd4 15. cxd4 Rc8 16. Nc2 Nc6 17. Qd1 Rc7 18. Rh3 Nf6 19. Bxh7+ Kf8 20. Bf5 Ne7 21. Rh8+ Neg8 22. Qf3 Rce7 23. Qh3 Re2 24. Be3 Qe7 25. Rc1 Rxe3 26. Nxe3 Qxe3+ 27. Qxe3 Rxe3 28. Rc8+ Re8 29. Rxe8+ Nxe8 30. Bc8 b6 31. f5 Nef6 32. h3 Ne4 33. g4 Nc3 34. Bb7 Ne2+ 35. Kf2 Nxd4 36. Bxd5 Nb5 37. Bc4 Nc3 38. a4 Ne4+ 39. Ke3 Nc5 40. h4 Be5 41. h5 Bb2 42. Kd2 Be5 43. Ke3 Bf6 44. Rh7 1/2-1/2

[Event "Moia op 1st"]
[Site "Moia"]
[Date "2013.06.23"]
[Round "6"]
[White "Bermejo Piquel, Antonio"]
[Black "Simon del Sol, Jaume"]
[Result "0-1"]
[WhiteElo "1455"]
[BlackElo "2007"]
[PlyCount "78"]
[EventDate "2013.05.19"]
[EventType "swiss"]
[EventRounds "8"]
[EventCountry "ESP"]
[SourceTitle "EXT 2014"]
[Source "ChessBase"]
[SourceDate "2013.11.20"]
[SourceVersion "1"]
[SourceVersionDate "2013.11.20"]
[SourceQuality "1"]

1. d4 c5 2. Nf3 cxd4 3. Bf4 d6 4. g3 e5 5. Bg5 Qb6 6. Qc1 h6 7. Bd2 Be6 8. Bg2 Nd7 9. 0-0 Rc8 10. Ne1 Ngf6 11. Nd3 Bf5 12. f3 Be7 13. Be1 Nc5 14. Nf2 d3 15. e4 dxc2 16. Nc3 Bd7 17. Kh1 Na4 18. Nd3 Nxc3 19. Bxc3 Ba4 20. Nb4 0-0 21. Re1 a5 22. Nxc2 Qc5 23. Re2 b5 24. a3 Bb3 25. Qd2 Bxc2 26. Qxc2 b4 27. axb4 axb4 28. Qd2 bxc3 29. bxc3 Qxc3 30. Qxc3 Rxc3 31. Bh3 Rxf3 32. Kg2 Rc3 33. Kf2 Rc4 34. Kf3 Rb8 35. Ra7 Bf8 36. Bg2 Rb3+ 37. Kf2 Ng4+ 38. Kg1 Rc1+ 39. Bf1 Rf3 0-1

[Event "Moia op 1st"]
[Site "Moia"]
[Date "2013.06.02"]
[Round "3"]
[White "Canovas Pardo, Jordi"]
[Black "Bermejo Piquel, Antonio"]
[Result "1-0"]
[WhiteElo "1744"]
[BlackElo "1455"]
[PlyCount "75"]
[EventDate "2013.05.19"]
[EventType "swiss"]
[EventRounds "8"]
[EventCountry "ESP"]
[SourceTitle "EXT 2014"]
[Source "ChessBase"]
[SourceDate "2013.11.20"]
[SourceVersion "1"]
[SourceVersionDate "2013.11.20"]
[SourceQuality "1"]

1. d4 d5 2. Nf3 Bf5 3. e3 Nf6 4. Nbd2 e6 5. Be2 Nbd7 6. Nh4 Be4 7. Nxe4 Nxe4 8. Nf3 Be7 9. c3 c6 10. 0-0 Qc7 11. Bd3 Bd6 12. Qc2 f5 13. h3 0-0 14. Qe2 Qd8 15. Bd2 Rf6 16. c4 Rh6 17. Kh1 g5 18. Bxe4 fxe4 19. Nh2 Bxh2 20. Kxh2 Nf6 21. f3 exf3 22. gxf3 Qc7+ 23. Kg2 Nh5 24. Be1 Rf8 25. Rc1 Qd7 26. Bg3 Nxg3 27. Kxg3 e5 28. Rh1 e4 29. Rcf1 Qd6+ 30. Kg2 Qg6 31. c5 g4 32. fxg4 Rxf1 33. Qxf1 Qf6 34. Qxf6 Rxf6 35. Rf1 Kg7 36. Rxf6 Kxf6 37. Kg3 Kg5 38. h4+ 1-0